| 000 | 00597nam a2200205Ia 4500 | ||
|---|---|---|---|
| 005 | 20260429112026.0 | ||
| 008 | 260429s9999||||xx |||||||||||||| ||und|| | ||
| 020 | _a9781032488479 | ||
| 041 | _aEnglish | ||
| 082 |
_a796.069 _bMAL |
||
| 100 | _aMallen, Cheryl | ||
| 245 | 0 |
_aEvent management in sport, recreation, and tourism : _btheoretical and practical dimensions / _cCheryl Mallen |
|
| 250 | _a4th ed. | ||
| 260 |
_aUnited Kingdom : _bRoutledge, _c2024. |
||
| 300 | _axvii, 283 p.; pbk | ||
| 650 | _a Event management | ||
| 650 | _aSports | ||
| 700 | _a Adams, Lorne J. | ||
| 942 | _cTB | ||
| 999 |
_c51959 _d51959 |
||